|
|
|
|
| LEADER |
01121nam a2200265 a 4500 |
| 001 |
4787218 |
| 008 |
120329t19961988enka b 001 0 eng |
| 010 |
|
|
|a 87026802
|
| 020 |
|
|
|a 0521353092
|
| 020 |
|
|
|a 0521358434 (pbk.)
|
| 040 |
|
|
|a DLC
|c DLC
|d DLC
|d BD-DhAAL
|
| 050 |
0 |
0 |
|a PE1128.A2
|b N86 1988
|
| 082 |
0 |
0 |
|a 428/.007
|2 19
|
| 100 |
1 |
|
|a Nunan, David.
|
| 245 |
1 |
4 |
|a The learner-centred curriculum :
|b a study in second language teaching /
|c David Nunan.
|
| 260 |
|
|
|a Cambridge [England] ;
|a New York :
|b Cambridge University Press,
|c 1988 [printing 1996].
|
| 300 |
|
|
|a xii, 196 p. :
|b ill. ;
|c 24 cm.
|
| 490 |
0 |
|
|a The Cambridge applied linguistics series
|
| 504 |
|
|
|a Includes bibliography: (p. 181-186) and indexes.
|
| 541 |
|
|
|e 00024853
|
| 650 |
|
0 |
|a English language
|x Study and teaching
|x Foreign speakers.
|
| 740 |
0 |
|
|a Learner-centered curriculum.
|
| 852 |
1 |
|
|a Ayesha Abed Library
|c General shelf.
|
| 999 |
|
|
|c 12051
|d 12051
|
| 952 |
|
|
|0 0
|1 0
|2 ddc
|4 0
|6 428_007000000000000_NUN
|7 0
|9 19861
|a BRACUL
|b BRACUL
|c GEN
|d 2012-03-28
|e karim International
|g 2654.00
|l 7
|m 72
|o 428.007 NUN
|p 3010024853
|r 2026-01-18
|s 2025-11-07
|t 1
|w 2012-03-29
|y BK
|